Guess the 1960s song lyrics #198 - Statistics

General Stats
  • This quiz has been taken 17 times
  • The average score is 172 of 225
Answer Stats
Answer % Correct
A
100%
an
100%
go
100%
he
100%
He
100%
him
100%
I
100%
love
100%
is
93%
it
93%
my
93%
And
87%
I'll
87%
me
87%
be
80%
can
80%
goes
80%
where
80%
know
73%
so
73%
That
73%
There
73%
too
73%
follow
67%
Follow
67%
may
67%
now
67%
true
67%
will
67%
always
60%
Ever
60%
isn't
60%
wherever
60%
away
53%
Away
53%
He'll
53%
knew
53%
must
53%
forever
47%
from
47%
From
47%
deep
40%
high
40%
keep
40%
mountain
40%
ocean
40%
until
40%
nothing
33%
hand
27%
near
27%
since
27%
destiny
20%
touched
13%
Peggy March
7%
No matching quizzes found
Score Distribution
Percent of People with Each Score
Percentile by Number Answered
Your Score History
You have not taken this quiz